1890 1160 1451 1502 1809 1799 1422 1031 1659 1084 1742 1256 1302 1129 1769 1273 1480 1987 1689 1533 1773 1836 1956 1828 1783 1661 1210 1295 1100 1770 1726 1528 1476 1137 1002 1662 1001 1970 1365 1571 1711 1674 1148 1433 1394 1118 1245 1326 1160 1888 1134 1939 1047 1092 1706 1562 1895 1338 1204 1292 1974 1719 1057 1941 1509 1381 1378 1779 1227 1839 1534 1351 1636 1471 1459 1438 1174 1651 1201 1449 1420 1353 1149 1223 1002 1311 1462 1965 1350 1937 1199 1241 1531 1606 1484 1442 1886 1702 1926 BCNSPRNW ULIB Ver.6.0+V

เปลี่ยนเป็นภาษาไทย

Change to English
 แสดงรายละเอียดบรรณานุกรม
  กลับหน้าหลัก

Brief Record : Get Marc (ISO 2709) : E-mail record : QR code < ปิดหน้าต่าง
LEADER : 00000nam 2200000uu 4500
001    13399129193
003     ULIB
008    260511s2568||||th 000 0 tha d
020 ^  ^a9786166299410
060 0  ^aWY106^bว169ก
100 0  ^aวนิดา ดุรงค์ฤทธิชัย.
245 ^  ^aการพยาบาลอนามัยชุมชน :หลักการ แนวคิดและวิธีประยุกต์สู่การดูแลสุขภาพบุคคล ครอบครัวและชุมชน/^cวนิดา ดุรงค์ฤทธิชัย.
260 ^  ^aกรุงเทพฯ:^bสำนักพิมพ์จุฬาลงกรณ์มหาวิทยาลัย,^c2568.
300 ^  ^a669 หน้า
505 ^  ^aตำราการพยาบาลอนามัยชุมชนเล่มนี้แบ่งเป็น 6 ส่วน ^tส่วนที่ 1 ว่าด้วยระบบสุขภาพ ระบบบริการสาธารณสุขและระบบการดูแลสุขภาพชุมชน--^tส่วนที่ 2 คือบทบาทพยาบาลอนามัยชุมชน--^tส่วนที่ 3 คือกระบวนการพยาบาลอนามัยชุมชนที่ใช้เป็นเครื่องมือสำหรับปฏิบัติงานในชุมชนประกอบด้วยขั้นตอนต่างๆ--^tส่วนที่ 4 นำสู่การดำเนินการแก้ไขปัญหาสุขภาพชุมชนด้วยการเยี่ยมบ้าน การพยาบาลแบบครอบครัวเป็นศูนย์กลางการดูแล การดูแลต่อเนื่องครอบครัวที่มีสมาชิกเจ็บป่วยเรื้อรังและการดูแลแบบประคับประคอง--^tส่วนที่ 5 เป็นแนวทางการดำเนินงานแก้ไขปัญหาสุขภาพชุมชนในงานอนามัยโรงเรียน งานอาชีวอนามัยและงานอนามัยสิ่งแวดล้อม--^tส่วนที่ 6 แสดงถึงหลักการและแนวทางที่จะทำให้ใช้ยาอย่างสมเหตุสมผล และส่วนสุดท้ายเป็นการนำกฎหมาย จรรยาบรรณและจริยธรรมมาใช้ในการพยาบาลอนามัยชุมชนให้สอดคล้องกับบุคคล ครอบครัวและชุมชนอย่างมีประสิทธิภาพ.
650 ^  ^aการพยาบาลครอบครัว.
650 ^  ^aการพยาบาลอนามัยชุมชน.
999    ^aประนอม เกษจรัล
รายการนี้ยังไม่มีแท็ก
คุณยังไม่ได้ล็อกอิน คุณสามารถมีกิจกรรมร่วมกับเว็บไซต์ได้ แต่ต้องล็อกอินก่อน ::
  ล็อกอิน

รายการสื่อสารสนเทศ

ลำดับที่ ประเภท เลขเรียก/บาร์โค้ด สถานที่ สถานะ
1. Book การพยาบาล
หนังสือสำรอง
สถานะ=หนังสือสำรอง
WY106 ว169ก ฉ.1 
  Barcode: 012095
ห้องสมุดวิทยาเขตสวรรค์ประชารักษ์
►หนังสือทั่วไป
บนชั้น

รายการใกล้เคียง
    หัวเรื่อง [การพยาบาลอนามัยชุมชน.]

BibComment


ยังไม่เคยถูกคอมเมนท์

คอมเมนท์ทรัพยากรรายการนี้
  คอมเมนท์: การพยาบาลอนามัยช..


 Copyright 2026. Bcnsprnw @Library